00668nam a22001817a 450000500170000001000150001702000260003203500150005803700140007308200110008710000260009824501190012426000450024327000760028830000250036450000770038970000200046620181011105526.0 aENG-124250 a9789384294939c300.00 a EN-107782 bDBAD/PUB. a515.63 aMukherjee, Arup Kumar aVector analysis:cby Arup Kumar Mukherjee [and] Naba Kumar Bejbpart-1: vector algebra, part-II: vector calculus / aKolkatabBooks and Allied (P) Ltd.c2018 aN0-1.- E(1) Shubham Plaza 83/1, Beliaghata Main Road, bKolkatae700010 avii,420p.c24cm(pbk) aIt includes Appendix A & B, bibliography, index and university questions aBej, Naba Kumar